000 00915nam a2200265Ia 4500
003 OSt
005 20220923231018.0
006 a|||||r|||| 00| 0
007 ta
008 220922b |||||||| |||| 00| 0 pan d
020 _c195
024 _a353,730
037 _b1200, 02/03/2020, H.K. Prakashan
_cTextual
040 _aARTS
_cARTS
_bpan
041 _2pan
_apan
082 _aO153,3x, Q7
100 _aਗੋਇਲ, ਓਮ ਪਰਕਾF, ਂਚ.
_9169272
245 0 _aਯੋ ਰਾਸਤੇ ਹੈ੍ਵ ਪਿਆਰ ਕੇ
260 _aਸਮਾਣਾ
_b ਸੰਗਮ ਪਬਲੀਕੇFੂਨਗ਼
_c2017
300 _a87ਪ੍ਰ0
_ccm.
650 _a ਪੰਜਾਬੀ ਕਹਾਣੀ
650 _aਪੰਜਾਬੀ ਸਾਹਿਤ
942 _hO153,3x, Q7
_cTEXL
_2CC
999 _c388772
_d388772